000 00492nam a2200193Ia 4500
005 20250508154541.0
008 008 250505s9999 xx 000 0 eng d
037 _aTextual
040 _aFEDL
_beng
_cFEDL
041 _aeng
_2eng
084 _a338, HUN
_qFEDL
100 _aHunt H. G.
245 0 _aIndustrial economics
260 _aOxford
_bPergamon Press
_c1965
300 _aviii,225p
650 _aEconomics
942 _cTEXL
_h338, HUN
999 _c1350866
_d1350866